Slovenská koruna a prijatie európskej meny

História eura jeho označenie. Konvergenčné kritériá. Výhody a nevýhody EMÚ a spoločnej meny euro. Efekty eura. Prípravy na zavedenie eura na Slovensku. Národný plán. Charakteristika ERM II.

Salvato in:
Dettagli Bibliografici
Autore principale: Pauličková, Alena
Natura: Capitolo di libro
Lingua:slovacco
Soggetti:
Tags: Aggiungi Tag
Nessun Tag, puoi essere il primo ad aggiungerne!!

MARC

LEADER 00000naa$a2200000$$$4500
001 0060839
005 20221207085222.7
041 0 |a slo 
044 |a CZ 
245 1 0 |a Slovenská koruna a prijatie európskej meny  |c Alena Pauličková 
520 |a História eura jeho označenie. Konvergenčné kritériá. Výhody a nevýhody EMÚ a spoločnej meny euro. Efekty eura. Prípravy na zavedenie eura na Slovensku. Národný plán. Charakteristika ERM II. 
610 2 0 |a euro 
610 2 0 |a kritériá rozhodovania 
610 2 0 |a plán 
610 2 0 |a ERM 
100 1 |a Pauličková, Alena